| 000 | 00783nam a2200193 a 4500 | ||
|---|---|---|---|
| 001 | 000034113 | ||
| 005 | 20200930070803.0 | ||
| 008 | 110923s1982 dr ac 000 0 spa d | ||
| 040 |
_aDO-SdBNP _bspa _cBNPHU |
||
| 082 |
_a711.4 _bU54a |
||
| 245 | 0 | 0 | _aUn aporte al crecimiento urbano organizado de Santiago. |
| 260 |
_aSantiago de los Caballeros, República Dominicana : _b[s.n.], _c1982. |
||
| 300 |
_a45 p. : _bil., retrs. ; _c21 cm. |
||
| 590 | _aInventariado, 2018/LP | ||
| 650 | 4 |
_aUrbanismo _zSantiago De Los Caballeros (República Dominicana{Rpara} _918684 |
|
| 650 | 4 |
_aDesarrollo de la comunidad urbana _zSantiago De Los Caballeros (República Dominicana{Rpara} _959546 |
|
| 650 | 4 |
_aCiudades y pueblos _zRepública Dominicana _9784 |
|
| 910 | _aValidado. Control de calidad EMS | ||
| 999 |
_c33604 _d33604 |
||